Tapping labour community in Muvattupuzha Taluk: An analysis (Record no. 70232)

MARC details
000 -LEADER
fixed length control field 00447nam a2200169Ia 4500
100 ## - MAIN ENTRY--AUTHOR NAME
Personal name Rajeeve K P
245 #0 - TITLE STATEMENT
Title Tapping labour community in Muvattupuzha Taluk: An analysis
260 ## - PUBLICATION, DISTRIBUTION, ETC. (IMPRINT)
Name of publisher Rubber Board Bulletin
Year of publication 2014
300 ## - PHYSICAL DESCRIPTION
Number of Pages 14-Oct
650 ## - SUBJECT ADDED ENTRY--TOPICAL TERM
Topical Term Muvattupuzha
650 ## - SUBJECT ADDED ENTRY--TOPICAL TERM
Topical Term Rubber tappers
650 ## - SUBJECT ADDED ENTRY--TOPICAL TERM
Topical Term Socio-economic profile
700 ## - ADDED ENTRY--PERSONAL NAME
Personal name Babu K C
700 ## - ADDED ENTRY--PERSONAL NAME
Personal name Jose V C
942 ## - ADDED ENTRY ELEMENTS (KOHA)
Koha item type Journals
Holdings
Withdrawn status Lost status Damaged status Not for loan Home library Current library Date acquired Serial Enumeration / chronology Koha item type
      Journals RRII Library RRII Library 17/12/2021 Volume 33, Issue 1 Journals